| 000 | 00443cam a2200181ua 4500 | ||
|---|---|---|---|
| 001 | 2139 | ||
| 008 | 110811n ii |||gr||||Z||||||asm | ||
| 040 | _cMAIN | ||
| 082 | _a370.15 | ||
| 100 | _aSharma, Mukul Kr., | ||
| 245 | 1 |
_aShiksha monobigyan _cby Mukul Kr. Sharma |
|
| 250 | _a3rd. | ||
| 260 |
_aDibrugarh: _bStudents Emporium,998. |
||
| 300 |
_a464p: _bill; _c23cm. |
||
| 653 | _aEducation | ||
| 653 | _aShiksha monobigyan | ||
| 942 | _cBK | ||
| 999 |
_c2007 _d2007 |
||